• 首页
  • 本馆介绍
  • 公告通知
  • 最新文献
  • 馆藏检索
  • 电子资源
  • 读者导购
  • 参考咨询
  • 我的图书馆
  • 登录
  • 详细信息显示
  • 放入我的书架
  • 预约/预借图书
  • 作者相关作品
  • 分类相关作品
  • 丛书相关作品
  • 出版社相关作品

书目信息

  • 表格格式
  • 工作单格式
  • 卡片格式
题名:
刮痧排毒王
    
 
作者: 王敬 著
分册:  
出版信息: 北京   科学技术文献出版社  2017
页数: 215页
开本: 24cm
丛书名:
单 册:
中图分类: R244.4
科图分类:
主题词: 刮搓疗法--Gua Cuo Liao Fa
电子资源:
ISBN: 978-7-5189-2386-1
000 00838nam0 2200253 450
001 012001000076
005 20131104170310.0
010    @a978-7-5189-2386-1@dCNY39.80
099    @aCAL 012017082210
100    @a20170509d2017 em y0chiy50 ea
101 0  @achi
102    @aCN@b110000
105    @aa z 000yy
106    @ar
200 1  @a刮痧排毒王@AGua Sha Pai Du Wang@f王敬著
210    @a北京@c科学技术文献出版社@d2017
215    @a215页@c图@d24cm
300    @a升级版
330    @a疾病的根源在于体内毒素太多,毒素在反复吸收的过程中进入血液,被污染的血液流到哪里,哪里就会出现病症。病症表现不一,毫无头绪,但万变不离其宗,治疗的办法就是排除血液毒素。
606 0  @a刮搓疗法@AGua Cuo Liao Fa
690    @aR244.4@v4
701  0 @a王敬@AWang Jing@4著
801  0 @aCN@b北京卓展文化@c20191020
905    @b1195268-71@dR244.4@e477@f4
    
    刮痧排毒王/王敬著.-北京:科学技术文献出版社,2017
    215页:图;24cm
    升级版
    
    ISBN 978-7-5189-2386-1:CNY39.80
    疾病的根源在于体内毒素太多,毒素在反复吸收的过程中进入血液,被污染的血液流到哪里,哪里就会出现病症。病症表现不一,毫无头绪,但万变不离其宗,治疗的办法就是排除血液毒素。
●
相关链接 在E读中查询图书 在五车中查询图书 在当当中查询图书 在豆瓣中查询图书


正题名:刮痧排毒王     索取号:R244.4/477         预约/预借

序号 登录号 条形码 馆藏地/架位号 状态 备注
1 1195268   211952680   第二样本阅览室/ [索取号:R244.4/477] 在馆    
2 1195269   211952699   第三借阅区/ [索取号:R244.4/477] 在馆    
3 1195270   211952706   第三借阅区/ [索取号:R244.4/477] 在馆    
4 1195271   211952715   第三借阅区/ [索取号:R244.4/477] 在馆    
唐山师范学院图书馆 欢迎您!
大连网信软件有限公司© 版权所有